Statistiques concernant Pays par image de dirigeant - 1940

Cliquez ici pour prendre le quiz!

Statistiques générales

  • Ce quiz a été pris 177 fois
  • Le résultat moyen est 9 sur 16

Statistiques - réponses

Réponse% Correct
Allemagne
99%
Japon
97%
Union soviétique
97%
Etats-Unis
94%
Royaume-Uni
94%
Italie
89%
Chine
81%
Espagne
59%
France
54%
Irak
31%
Suède
12%
Turquie
11%
Hongrie
10%
Yougoslavie
10%
Mexique
8%
Brésil
6%

Distribution des résultats

Percentile par nombre de réponses

% des personnes avec chaque résultat

Votre développement - résultats

Vous n’avez pas pris ce quiz